| 000 | 00768nam a2200217Ia 4500 | ||
|---|---|---|---|
| 003 | 0 | ||
| 005 | 20250129130932.0 | ||
| 008 | 150126s9999 xx 000 0 und d | ||
| 050 |
_aPGS LB 1139.5.S64 _b.H557 2014 |
||
| 100 | _aHernando, Janine S. | ||
| 245 |
_aCell phone usage and social skills of grade 6 students of SISC / _cJanine S. Hernando. |
||
| 260 |
_aLas PiƱas City, Philippines : _bSouthville International School and Colleges, _c2014. |
||
| 300 |
_a24 p. : _bill. ; _c28 cm. |
||
| 504 | _aIncludes bibliographical references. | ||
| 650 | _aInformation services. | ||
| 650 | _aCell phones and children. | ||
| 650 | _aSocial skills in children. | ||
| 650 | _aSocial interaction in children. | ||
| 650 | _aChildren and media. | ||
| 942 |
_2lcc _cPASS |
||
| 999 |
_c278588 _d278588 |
||